Normal view
MARC view
- Bioethical Issues
Entry Topical Term
001 - CONTROL NUMBER
- control field: 128600
003 - CONTROL NUMBER IDENTIFIER
- control field: NUST
005 - DATE AND TIME OF LATEST TRANSACTION
- control field: 20250328104151.0
008 - FIXED-LENGTH DATA ELEMENTS
- fixed length control field: 250328|| aca||aabn | a|a d
040 ## - CATALOGING SOURCE
- Original cataloging agency: NUST
- Transcribing agency: NUST
150 ## - HEADING--TOPICAL TERM
- Topical term or geographic name entry element: Bioethical Issues
- General subdivision: legislation & jurisprudence
- Geographic subdivision: United States
670 ## - SOURCE DATA FOUND
- Source citation: Work cat.: (NUST)0: Schaller, Barry R., 1938- 128596, Understanding bioethics and the law :, 2008.
